[Event "Bad Woerishofen sen"]
[Site "?"]
[Date "2002.??.??"]
[Round "3"]
[White "Borger, Martin"]
[Black "Minz, Michail"]
[Result "0-1"]
[WhiteElo "1737"]
[BlackElo "2133"]
[Annotator "ChessOrg"]
[PlyCount "86"]
[EventDate "2002.??.??"]

1. e4 e6 2. d4 d5 3. e5 c5 4. c3 Nc6 5. Nf3 Bd7 6. Be2 c4 7. O-O h6 8. h3 b5 9.
a3 a5 10. Nh2 b4 11. Be3 Rb8 12. Nd2 bxc3 13. bxc3 a4 14. Qc2 Na5 15. f4 Rb7
16. Bg4 g6 17. Bf3 Nb3 18. Ra2 Nxd2 19. Bxd2 Rb3 20. Ng4 Bxa3 21. Re1 Kf8 22.
Ne3 Be8 23. Kh2 h5 24. Rea1 Be7 25. Rxa4 Bxa4 26. Rxa4 Ra3 27. Rxa3 Bxa3 28.
Qa4 Be7 29. Bc1 Nh6 30. Ba3 Bxa3 31. Qxa3+ Qe7 32. Qxe7+ Kxe7 33. Kg1 h4 34.
Kf1 Rb8 35. Nd1 f6 36. Ke2 Nf5 37. Kd2 Ra8 38. Kc2 fxe5 39. fxe5 Kf7 40. Nb2
Ra7 41. Kb1 Kg7 42. Be2 Ne3 43. Bf3 Kh6 0-1

[Event "Bad Woerishofen sen"]
[Site "?"]
[Date "2002.??.??"]
[Round "3"]
[White "Miessner, Rolf"]
[Black "Xander, Karl"]
[Result "1/2-1/2"]
[WhiteElo "1680"]
[BlackElo "1971"]
[Annotator "ChessOrg"]
[PlyCount "84"]
[EventDate "2002.??.??"]

1. e4 c5 2. c3 d5 3. exd5 Qxd5 4. d4 e6 5. Nf3 Nf6 6. Na3 Bd7 7. Nc2 cxd4 8.
Qxd4 Nc6 9. Qxd5 Nxd5 10. Bc4 Nb6 11. Bb5 a6 12. Bxc6 Bxc6 13. Ncd4 Bd5 14. O-O
Be7 15. Re1 Rc8 16. Ne5 O-O 17. Bd2 f6 18. Nd3 Nc4 19. Bc1 e5 20. Nf5 Rfe8 21.
Nxe7+ Rxe7 22. Nb4 Bf7 23. b3 Nd6 24. c4 Nf5 25. Bb2 a5 26. Nc2 Rd7 27. Rad1
Rcd8 28. Rxd7 Rxd7 29. Bc3 b6 30. Rc1 Rd3 31. Ne1 Rd7 32. Kf1 Bg6 33. Ke2 Nd4+
34. Bxd4 Rxd4 35. Rd1 Rxd1 36. Kxd1 Kf7 37. Kd2 Ke6 38. g3 Kd6 39. Ng2 Kc5 40.
Kc3 Bf7 41. Ne3 Be6 42. a3 f5 1/2-1/2

[Event "Bad Woerishofen sen"]
[Site "?"]
[Date "2002.??.??"]
[Round "3"]
[White "Peierl, Wolter"]
[Black "Walther, Diethelm"]
[Result "0-1"]
[WhiteElo "1745"]
[BlackElo "2091"]
[Annotator "ChessOrg"]
[PlyCount "86"]
[EventDate "2002.??.??"]

1. e4 c5 2. d4 cxd4 3. c3 dxc3 4. Nxc3 Nc6 5. Nf3 d6 6. Bc4 e6 7. O-O Be7 8.
Qe2 Nf6 9. Rd1 Qc7 10. Bf4 a6 11. Rac1 O-O 12. a3 Ne5 13. Bxe5 dxe5 14. b4 Bd7
15. Bb3 Bc6 16. h3 Qb8 17. g4 Rd8 18. Nd2 Rd4 19. g5 Nd7 20. h4 Nf8 21. Nf3
Rxd1+ 22. Rxd1 Ng6 23. Kh2 b5 24. Qa2 Nf4 25. Rd2 a5 26. bxa5 Rxa5 27. Qc2 Rxa3
28. Rd1 Ra6 29. Na2 Qa8 30. Nxe5 Bxe4 31. Qc7 Ra7 32. Qc1 Ng6 33. Nxg6 hxg6 34.
Nc3 b4 35. Ne2 Qb8+ 36. Ng3 Ba8 37. Bc2 b3 38. Bb1 Ra4 39. Kh3 Qb7 40. Rg1 Qc6
41. Qe3 Qc4 42. f4 Bc5 43. Qc1 Bxg1 0-1

[Event "Bad Woerishofen sen"]
[Site "?"]
[Date "2002.??.??"]
[Round "3"]
[White "Delander, Adolf"]
[Black "Escher, Helmut"]
[Result "1-0"]
[WhiteElo "2252"]
[BlackElo "2030"]
[Annotator "ChessOrg"]
[PlyCount "93"]
[EventDate "2002.??.??"]

1. d4 f5 2. e4 fxe4 3. Nc3 Nf6 4. Bg5 e6 5. Bxf6 Qxf6 6. Nxe4 Qf7 7. Nf3 Be7 8.
Bd3 g6 9. Qd2 Nc6 10. c3 d5 11. Neg5 Bxg5 12. Nxg5 Qf6 13. f4 Bd7 14. O-O-O
O-O-O 15. Rdf1 Rdf8 16. g3 Nd8 17. Nf3 Nf7 18. Qe3 Kb8 19. Kd2 Qe7 20. h4 Rhg8
21. g4 h5 22. g5 Nd6 23. Ne5 Nf5 24. Bxf5 Rxf5 25. Rf2 Qd6 26. Re1 Kc8 27. Qd3
Be8 28. Ke3 Rgf8 29. b3 c6 30. b4 Kb8 31. a4 a6 32. a5 Ka7 33. Rf3 Rg8 34. Kf2
Rg7 35. Kg3 Re7 36. Qd2 Rg7 37. Ree3 Re7 38. Qe2 Kb8 39. Nd3 Bd7 40. Re5 Bc8
41. Rfe3 Ref7 42. Rxf5 exf5 43. Re8 Rg7 44. Qe5 Qxe5 45. fxe5 Kc7 46. Nf4 Bd7
47. Rf8 1-0

[Event "Bad Woerishofen sen"]
[Site "?"]
[Date "2002.??.??"]
[Round "3"]
[White "Boeven, Manfred"]
[Black "Barlo, Werner"]
[Result "1-0"]
[WhiteElo "2134"]
[BlackElo "1729"]
[Annotator "ChessOrg"]
[PlyCount "113"]
[EventDate "2002.??.??"]

1. d4 Nf6 2. Nf3 d5 3. Bg5 e6 4. Nc3 Be7 5. e3 Nbd7 6. Bd3 c5 7. O-O c4 8. Be2
h6 9. Bh4 a6 10. a4 O-O 11. Ne5 Nxe5 12. dxe5 Nd7 13. Bxe7 Qxe7 14. f4 f6 15.
Qd4 f5 16. g4 g6 17. Kh1 Nc5 18. Rg1 Kh7 19. gxf5 gxf5 20. Bh5 Bd7 21. Bg6+ Kh8
22. Nxd5 exd5 23. e6+ Rf6 24. exd7 Qe4+ 25. Qxe4 Nxe4 26. Be8 Nf2+ 27. Kg2 Ng4
28. h3 Nxe3+ 29. Kf3 Nxc2 30. Rad1 d4 31. Rd2 d3 32. Rdg2 Rf8 33. Rg6 Kh7 34.
Rg7+ Kh8 35. Re7 Nd4+ 36. Ke3 Nc6 37. Re6 Kh7 38. Rgg6 Rg8 39. Rxh6+ Kg7 40.
Rhg6+ Kh7 41. Rxg8 Kxg8 42. Bg6 Nd8 43. Re8+ Kg7 44. Bxf5 b5 45. Be4 Rb8 46. a5
b4 47. Kd2 Kf7 48. Bd5+ Kg6 49. Bxc4 Kf5 50. Bxd3+ Kxf4 51. Bxa6 Ra8 52. Bc8
Nc6 53. Bb7 Rxa5 54. Bxc6 b3 55. d8=Q Ra2 56. Qf6+ Kg3 57. Rg8+ 1-0

[Event "Bad Woerishofen sen"]
[Site "?"]
[Date "2002.??.??"]
[Round "3"]
[White "Wolffram, Gert"]
[Black "Neese, Hans-Joachim"]
[Result "0-1"]
[WhiteElo "1754"]
[BlackElo "2136"]
[Annotator "ChessOrg"]
[PlyCount "74"]
[EventDate "2002.??.??"]

1. d4 d5 2. Nf3 Nf6 3. Bf4 c6 4. c3 Bf5 5. e3 Qb6 6. Qb3 Nbd7 7. Nbd2 h6 8. h3
e6 9. Ne5 Nxe5 10. Bxe5 Nd7 11. Bg3 Be7 12. Be2 O-O 13. O-O c5 14. f4 c4 15.
Qxb6 axb6 16. e4 Bh7 17. exd5 exd5 18. Bf3 Nf6 19. Rfe1 Bd6 20. Bh2 b5 21. a3
Rfe8 22. g4 Bd3 23. f5 Bf8 24. Kf2 Red8 25. Re3 b4 26. a4 Ra6 27. h4 b5 28. a5
bxc3 29. bxc3 b4 30. cxb4 Bxb4 31. Nb3 Bc3 32. Nc5 Bxa1 33. Rxd3 cxd3 34. Nxa6
Bxd4+ 35. Kf1 Ra8 36. Nb4 Rxa5 37. Nxd3 Ne4 0-1

[Event "Bad Woerishofen sen"]
[Site "?"]
[Date "2002.??.??"]
[Round "3"]
[White "Wunderer, Eckart"]
[Black "Neumann, Erwin"]
[Result "1-0"]
[WhiteElo "2190"]
[BlackElo "1810"]
[Annotator "ChessOrg"]
[PlyCount "123"]
[EventDate "2002.??.??"]

1. d4 Nf6 2. Nf3 e6 3. Bf4 b6 4. e3 Bb7 5. Bd3 Be7 6. Nbd2 d5 7. Ne5 O-O 8. Qf3
Nbd7 9. g4 c5 10. g5 Nxe5 11. Bxe5 Ne4 12. Nxe4 dxe4 13. Bxe4 Bxe4 14. Qxe4
Bxg5 15. O-O-O f5 16. Qg2 Bf6 17. dxc5 Qe8 18. Bxf6 Rxf6 19. c6 Rc8 20. Rd7 Rf7
21. Rhd1 g6 22. h4 Kg7 23. h5 Rc7 24. h6+ Kf6 25. Rd8 Qxc6 26. f3 Rfd7 27. Rf8+
Rf7 28. Rg8 Rfd7 29. Rxd7 Rxd7 30. Qg3 Qc4 31. b3 Qf1+ 32. Kb2 Qh1 33. Rf8+ Ke7
34. Qb8 Qxh6 35. Qe8+ Kd6 36. e4 Qg7+ 37. c3 Rc7 38. Qd8+ Ke5 39. exf5 Rd7 40.
Qb8+ Rc7 41. f6 Qd7 42. Kc2 Qc6 43. c4 Qc5 44. Qd8 Rd7 45. Qxd7 Qxf8 46. f7 Kf6
47. Qxa7 Qxf7 48. Qxb6 h5 49. a4 Kg5 50. Qe3+ Kh4 51. a5 Qc7 52. a6 Qh2+ 53.
Kc3 Qa2 54. a7 Qa5+ 55. Kd3 Kg3 56. b4 Qa3+ 57. Ke4 Qa2 58. Ke5 Qa6 59. f4+ Kg4
60. Qg1+ Kf3 61. Qh1+ Ke3 62. a8=Q 1-0

[Event "Bad Woerishofen sen"]
[Site "?"]
[Date "2002.??.??"]
[Round "3"]
[White "Malik, Heinz"]
[Black "Gudat, Alfons"]
[Result "0-1"]
[WhiteElo "1700"]
[BlackElo "2047"]
[Annotator "ChessOrg"]
[PlyCount "102"]
[EventDate "2002.??.??"]

1. d4 Nf6 2. Nf3 e6 3. c4 b6 4. Bg5 Bb7 5. e3 Bb4+ 6. Nc3 h6 7. Bh4 O-O 8. Bd3
d6 9. O-O Bxc3 10. bxc3 Nbd7 11. Qe2 g5 12. Bg3 Ne4 13. Bxe4 Bxe4 14. Nd2 Bg6
15. f4 Nf6 16. fxg5 hxg5 17. e4 Bh5 18. Nf3 Nh7 19. Qe3 f5 20. exf5 exf5 21.
Bf2 Qf6 22. Qd3 Rae8 23. Rae1 Kg7 24. d5 Bxf3 25. Bd4 Re5 26. Bxe5 dxe5 27.
Qxf3 g4 28. Qe3 Re8 29. Qd3 Rf8 30. Rf2 Ng5 31. Ref1 f4 32. Re2 Rh8 33. Kf2
Rxh2 34. Ke1 Qd6 35. Qf5 Nf7 36. Qxg4+ Qg6 37. Qxg6+ Kxg6 38. Rff2 Rh1+ 39. Rf1
Rh4 40. Rd2 Nd6 41. Re2 Rh5 42. Rf3 Nxc4 43. Kf2 Kf5 44. Rh3 Rxh3 45. gxh3 e4
46. Re1 e3+ 47. Ke2 Ke4 48. h4 f3+ 49. Kd1 Kd3 50. Rh1 f2 51. Kc1 e2 0-1

[Event "Bad Woerishofen sen"]
[Site "?"]
[Date "2002.??.??"]
[Round "3"]
[White "Schratzenstaller, Albert"]
[Black "Dryzek, Tadeusz"]
[Result "1-0"]
[WhiteElo "1744"]
[BlackElo "2057"]
[Annotator "ChessOrg"]
[PlyCount "141"]
[EventDate "2002.??.??"]

1. c4 Nf6 2. Nc3 e6 3. g3 d5 4. cxd5 exd5 5. d4 Be7 6. Bg2 O-O 7. Nf3 c6 8. O-O
Bf5 9. h3 Qc8 10. Kh2 h6 11. e3 Re8 12. Ne5 Nfd7 13. Nd3 Nf8 14. Nf4 Nbd7 15.
Bd2 Nf6 16. Rc1 Qd7 17. a3 Bd6 18. Re1 N8h7 19. Nh5 Re7 20. Nxf6+ Nxf6 21. Qe2
h5 22. f4 h4 23. Qf3 Be4 24. Qf2 hxg3+ 25. Qxg3 Qf5 26. Nxe4 dxe4 27. Rg1 g6
28. Bf1 Kg7 29. Qg5 Qxg5 30. Rxg5 Rh8 31. Be2 Nd5 32. Rg3 Nxf4 33. exf4 e3 34.
Bb4 Bxb4 35. axb4 Re4 36. b5 cxb5 37. Rc7 Rhe8 38. f5 Kf6 39. fxg6 fxg6 40.
Rf3+ Ke6 41. Rg7 Kd5 42. Rxb7 a6 43. Rg7 Rd8 44. Rc7 Rd6 45. Rc3 Rde6 46. Rd3
b4 47. b3 a5 48. Rd1 Kd6 49. Bc4 e2 50. Re1 Re7 51. Rf6+ Kd7 52. Rxg6 Rxd4 53.
Rg2 a4 54. Bb5+ Kd6 55. Bxa4 Rd2 56. Bb5 Rb2 57. Bc4 Rh7 58. Rgxe2 Rxe2+ 59.
Rxe2 Kd7 60. Re5 Kd6 61. Rb5 Re7 62. Rxb4 Ke5 63. Bg8 Rg7 64. Rg4 Rb7 65. h4
Kf5 66. Kh3 Rd7 67. Rg3 Rd1 68. Rf3+ Kg6 69. Bc4 Rh1+ 70. Kg4 Rg1+ 71. Rg3 1-0

[Event "Bad Woerishofen sen"]
[Site "?"]
[Date "2002.??.??"]
[Round "3"]
[White "Ruppert, Lothar"]
[Black "Oser, Thor"]
[Result "0-1"]
[WhiteElo "1993"]
[BlackElo "1684"]
[Annotator "ChessOrg"]
[PlyCount "134"]
[EventDate "2002.??.??"]

1. d4 d5 2. Nf3 Nf6 3. c4 e6 4. Nc3 c6 5. e3 Bd6 6. c5 Bc7 7. Be2 Nbd7 8. O-O
O-O 9. b4 a6 10. a4 e5 11. Ba3 e4 12. Nd2 Ne8 13. f4 f5 14. g3 Kh8 15. h4 h6
16. Kf2 g6 17. Rh1 Ng7 18. b5 axb5 19. axb5 Ne6 20. b6 Bb8 21. Bb2 Rxa1 22.
Qxa1 Kg7 23. Qa8 g5 24. hxg5 hxg5 25. Qa1 Rh8 26. Qg1 Rxh1 27. Qxh1 Qh8 28.
Qxh8+ Kxh8 29. Nb3 Kg7 30. Na5 Kg6 31. Na2 gxf4 32. gxf4 Nxf4 33. exf4 Bxf4 34.
Bc3 Bg5 35. Nb4 Nb8 36. Ke1 Bh4+ 37. Kd1 Kg5 38. Be1 f4 39. Bxh4+ Kxh4 40. Ke1
Kg3 41. Nc2 Kg2 42. Nb3 Kg1 43. Nd2 Bh3 44. Bh5 Bg2 45. Ke2 Bh3 46. Nf3+ Kg2
47. Nce1+ Kg3 48. Ne5 Be6 49. Nf7 f3+ 50. Bxf3 exf3+ 51. Nxf3 Bxf7 52. Ne5 Bh5+
53. Ke3 Be8 54. Nd3 Nd7 55. Nf4 Bf7 56. Ne2+ Kg4 57. Nc3 Kf5 58. Ne2 Nf8 59.
Nc3 Nd7 60. Kf3 Bh5+ 61. Ke3 Nf6 62. Kd3 Kf4 63. Kc2 Ne4 64. Nb5 cxb5 65. c6
Nd6 66. Kc3 bxc6 67. Kb4 Nb7 0-1

[Event "Bad Woerishofen sen"]
[Site "?"]
[Date "2002.??.??"]
[Round "3"]
[White "Bierbach, Utz"]
[Black "Eisenhuth, Matthias"]
[Result "1-0"]
[WhiteElo "2033"]
[BlackElo "1697"]
[Annotator "ChessOrg"]
[PlyCount "141"]
[EventDate "2002.??.??"]

1. d4 d5 2. Nf3 Nf6 3. e3 Bg4 4. Bd3 e6 5. Nbd2 Nbd7 6. O-O c5 7. c3 cxd4 8.
exd4 Be7 9. Re1 a6 10. h3 Bh5 11. Qc2 b5 12. Ne5 Rc8 13. Nf1 Nf8 14. Ng3 Bg6
15. Nxg6 Nxg6 16. a4 Qb6 17. axb5 axb5 18. Qe2 Rb8 19. b4 O-O 20. Ra5 Qc7 21.
Qb2 Rfc8 22. Bd2 Bd6 23. Ne2 Qc6 24. Rea1 Rb6 25. Qa2 Rcb8 26. Ra6 Ne4 27. Rxb6
Rxb6 28. Bxe4 dxe4 29. Qa8+ Qxa8 30. Rxa8+ Rb8 31. Ra6 Bc7 32. g3 h6 33. Kf1
Kf8 34. Nc1 Ne7 35. Nb3 Bb6 36. Bf4 Rc8 37. Rxb6 Rxc3 38. Bd6 Ke8 39. Bxe7 Kxe7
40. Nc5 e3 41. Rb7+ Ke8 42. fxe3 Rxe3 43. Kf2 Rc3 44. Rxb5 Rc4 45. Ke3 Rc3+ 46.
Nd3 Ke7 47. g4 g6 48. h4 f5 49. gxf5 gxf5 50. Rb7+ Kd6 51. Rh7 Kd5 52. Rxh6 Kc4
53. Rxe6 Rxd3+ 54. Kf4 Rxd4+ 55. Kg5 Rg4+ 56. Kh5 Kxb4 57. Rf6 Rf4 58. Rc6 Rg4
59. Rc1 Rf4 60. Rh1 Kc4 61. Kg5 Rf2 62. h5 f4 63. h6 f3 64. h7 Rg2+ 65. Kf4 f2
66. h8=Q Rg1 67. Qc8+ Kd3 68. Rh3+ Ke2 69. Qc4+ Ke1 70. Re3+ Kd1 71. Qd4+ 1-0

[Event "Bad Woerishofen sen"]
[Site "?"]
[Date "2002.??.??"]
[Round "4"]
[White "Bierwisch, Bernhard"]
[Black "Claus, Joachim"]
[Result "1-0"]
[WhiteElo "2171"]
[BlackElo "1900"]
[Annotator "ChessOrg"]
[PlyCount "47"]
[EventDate "2002.??.??"]

1. e4 e5 2. Nf3 Nc6 3. Bb5 a6 4. Ba4 d6 5. c3 Bd7 6. O-O g6 7. d3 Bg7 8. Bg5
Nge7 9. Re1 h6 10. Be3 g5 11. Nbd2 Ng6 12. Nf1 O-O 13. Ng3 Kh7 14. d4 Qe8 15.
d5 Nce7 16. Bxd7 Qxd7 17. Bxg5 Ng8 18. Nf5 N6e7 19. Bxe7 Nxe7 20. N3h4 Bf6 21.
Qh5 Nxf5 22. Nxf5 Bg5 23. h4 Bd2 24. Re2 1-0

[Event "Bad Woerishofen sen"]
[Site "?"]
[Date "2002.??.??"]
[Round "4"]
[White "Zunker, Reinhard"]
[Black "Gretzer, Otmar"]
[Result "1/2-1/2"]
[WhiteElo "2227"]
[BlackElo "2174"]
[Annotator "ChessOrg"]
[PlyCount "73"]
[EventDate "2002.??.??"]

1. e4 c6 2. d4 d5 3. e5 Bf5 4. Ne2 e6 5. Ng3 Bg6 6. h4 h6 7. h5 Bh7 8. Bd3 Bxd3
9. cxd3 Qb6 10. Be3 Nd7 11. O-O O-O-O 12. Qc1 f5 13. Ne2 Be7 14. Nf4 Nf8 15.
Nc3 Bg5 16. Nce2 Ne7 17. a4 Bxf4 18. Nxf4 g5 19. hxg6 Nexg6 20. Nh5 Nd7 21. a5
Qa6 22. Qc3 Rdg8 23. Rfb1 Rh7 24. b4 Qb5 25. Kf1 a6 26. g3 Kd8 27. Ke2 Ke7 28.
Qd2 Kf7 29. Rg1 b6 30. Rh1 Rb8 31. axb6 Qxb6 32. Rh4 f4 33. gxf4 Ne7 34. Ng3
Rg8 35. Kf3 h5 36. Rah1 Nb8 37. Qc3 1/2-1/2

[Event "Bad Woerishofen sen"]
[Site "?"]
[Date "2002.??.??"]
[Round "4"]
[White "Goy, Udo"]
[Black "Villing, Dieter"]
[Result "1-0"]
[WhiteElo "2191"]
[BlackElo "2231"]
[Annotator "ChessOrg"]
[PlyCount "45"]
[EventDate "2002.??.??"]

1. d4 Nf6 2. Nf3 d6 3. Nc3 Bf5 4. g3 Nc6 5. d5 Nb4 6. Nd4 Qd7 7. a3 Na6 8. e4
Bxe4 9. Nxe4 Nxd5 10. Bg2 c6 11. O-O e6 12. c4 Ndc7 13. Re1 Be7 14. Bg5 f5 15.
Bxe7 fxe4 16. Bg5 d5 17. cxd5 cxd5 18. f3 exf3 19. Qxf3 Qf7 20. Rac1 Qxf3 21.
Bxf3 Kd7 22. Bg4 Rae8 23. b4 1-0

[Event "Bad Woerishofen sen"]
[Site "?"]
[Date "2002.??.??"]
[Round "4"]
[White "Niebling, Ferdinand"]
[Black "Johannsen, Ingbert"]
[Result "1-0"]
[WhiteElo "2192"]
[BlackElo "1979"]
[Annotator "ChessOrg"]
[PlyCount "87"]
[EventDate "2002.??.??"]

1. d4 e6 2. c4 Nf6 3. Nc3 d5 4. Bg5 Be7 5. e3 c6 6. Nf3 Nbd7 7. Qc2 O-O 8. Rd1
Re8 9. a3 dxc4 10. Bxc4 Nd5 11. Bxe7 Qxe7 12. O-O Nf8 13. Ne4 b6 14. Ng3 Bb7
15. Bxd5 cxd5 16. Rc1 Rec8 17. Qd2 f6 18. Rxc8 Rxc8 19. Rc1 Qd7 20. Rc3 Rxc3
21. Qxc3 Qc6 22. Qxc6 Bxc6 23. Kf1 Kf7 24. Ke1 g5 25. Kd2 Kg6 26. Ne2 h5 27. h4
g4 28. Ne1 e5 29. Nd3 Nd7 30. Nb4 Bb7 31. Nc3 exd4 32. exd4 Kf5 33. Ke3 Ke6 34.
Nd3 Kf5 35. g3 b5 36. Nf4 Nb6 37. b3 Bc6 38. Nd1 a5 39. Kd3 Nc4 40. bxc4 dxc4+
41. Kc3 Be8 42. a4 bxa4 43. Kxc4 Bf7+ 44. Kd3 1-0

[Event "Bad Woerishofen sen"]
[Site "?"]
[Date "2002.??.??"]
[Round "4"]
[White "Aigner, Georg"]
[Black "Servaty, Rudolf"]
[Result "1/2-1/2"]
[WhiteElo "1830"]
[BlackElo "2201"]
[Annotator "ChessOrg"]
[PlyCount "77"]
[EventDate "2002.??.??"]

1. e4 c5 2. Nf3 e6 3. d4 cxd4 4. Nxd4 a6 5. Be3 Nf6 6. Nd2 Nc6 7. c3 d5 8. exd5
Nxd5 9. Nxc6 bxc6 10. Nf3 Bd6 11. Bd4 O-O 12. Be2 Qc7 13. c4 Nf4 14. c5 Qa5+
15. Qd2 Qxd2+ 16. Nxd2 Bc7 17. g3 Rd8 18. Bc3 Nd5 19. Rc1 a5 20. Nf3 f6 21. O-O
Kf7 22. Rfd1 Nxc3 23. Rxc3 Rxd1+ 24. Bxd1 e5 25. Bb3+ Ke7 26. Bc4 Bh3 27. Nd2
a4 28. Ne4 Rd8 29. Rd3 Rb8 30. b3 axb3 31. Rxb3 Rd8 32. f3 Rd4 33. Rc3 h6 34.
Nf2 Bf5 35. Bb3 Ba5 36. Rc1 Bd2 37. Rd1 Be3 38. Re1 Bd2 39. Rd1 1/2-1/2

[Event "Bad Woerishofen sen"]
[Site "?"]
[Date "2002.??.??"]
[Round "4"]
[White "Limberg, Siegfried"]
[Black "Kuehn, Peter"]
[Result "1/2-1/2"]
[WhiteElo "2111"]
[BlackElo "2013"]
[Annotator "ChessOrg"]
[PlyCount "30"]
[EventDate "2002.??.??"]

1. d4 f5 2. g3 e6 3. Bg2 Nf6 4. Nf3 Be7 5. O-O O-O 6. b3 d6 7. Bb2 c6 8. c4 Na6
9. Nbd2 Qe8 10. a3 Qh5 11. e3 Nc7 12. Ne1 Qh6 13. Nd3 Rb8 14. Qe2 Bd7 15. Rfe1
Rbe8 1/2-1/2

[Event "Bad Woerishofen sen"]
[Site "?"]
[Date "2002.??.??"]
[Round "4"]
[White "Weigel, Herbert"]
[Black "Ganslmayer, Herbert"]
[Result "1-0"]
[WhiteElo "2159"]
[BlackElo "1780"]
[Annotator "ChessOrg"]
[PlyCount "47"]
[EventDate "2002.??.??"]

1. e4 d5 2. exd5 Qxd5 3. Nc3 Qa5 4. d4 Nf6 5. Nf3 Bf5 6. Bc4 e6 7. Bd2 c6 8.
Ne5 Qc7 9. g4 Bg6 10. h4 Bb4 11. h5 Bxc3 12. hxg6 Bxd2+ 13. Qxd2 Ne4 14. Qe3 f5
15. Rxh7 Rf8 16. Bxe6 Nf6 17. Bf7+ Kd8 18. Rxg7 Nbd7 19. Qg5 Qa5+ 20. c3 Kc7
21. Nxd7 Nxd7 22. O-O-O Rxf7 23. Rxf7 Qxa2 24. Qxf5 1-0

[Event "Bad Woerishofen sen"]
[Site "?"]
[Date "2002.??.??"]
[Round "4"]
[White "Reinke, Kurt"]
[Black "Lamberger, Werner"]
[Result "1-0"]
[WhiteElo "1920"]
[BlackElo "1200"]
[Annotator "ChessOrg"]
[PlyCount "47"]
[EventDate "2002.??.??"]

1. d4 e6 2. c4 f5 3. g3 Nf6 4. Nc3 Bb4 5. Bd2 Nc6 6. Nf3 O-O 7. Bg2 Ne4 8. e3
b6 9. d5 exd5 10. cxd5 Ne7 11. Qb3 Nc5 12. Qc4 d6 13. O-O Ba6 14. Qxb4 Bxf1 15.
Bxf1 a6 16. Qd4 Ne4 17. Nxe4 fxe4 18. Qxe4 Rf5 19. Bh3 Rh5 20. Be6+ Kh8 21. g4
Rxd5 22. Bxd5 Nxd5 23. Qxd5 Qf8 24. Ng5 1-0

[Event "Bad Woerishofen sen"]
[Site "?"]
[Date "2002.??.??"]
[Round "4"]
[White "Neumann, Erwin"]
[Black "Weber, Gerhard"]
[Result "1-0"]
[WhiteElo "1810"]
[BlackElo "2122"]
[Annotator "ChessOrg"]
[PlyCount "63"]
[EventDate "2002.??.??"]

1. e4 e5 2. d4 exd4 3. Nf3 Nc6 4. Bc4 Nf6 5. e5 d5 6. Bb5 Ne4 7. Nxd4 Bc5 8.
O-O Bd7 9. Bxc6 bxc6 10. c3 Qe7 11. f3 Ng5 12. Kh1 Bb6 13. b4 O-O 14. Qe1 Bxd4
15. cxd4 Ne6 16. Be3 Rfb8 17. a3 a5 18. bxa5 Rb5 19. Nc3 Rbxa5 20. f4 f6 21.
exf6 Qxf6 22. Qd2 Qf5 23. g4 Qxg4 24. f5 Nf8 25. f6 Rxa3 26. Rxa3 Rxa3 27. fxg7
Ng6 28. Qf2 Bf5 29. Qxf5 Qxf5 30. Rxf5 Rxc3 31. Bh6 Rc1+ 32. Bxc1 1-0

[Event "Bad Woerishofen sen"]
[Site "?"]
[Date "2002.??.??"]
[Round "4"]
[White "Rueggeberg, Wilhelm"]
[Black "Schlag, Franz"]
[Result "0-1"]
[WhiteElo "1851"]
[BlackElo "2147"]
[Annotator "ChessOrg"]
[PlyCount "74"]
[EventDate "2002.??.??"]

1. d4 d5 2. c4 Nc6 3. e3 dxc4 4. Bxc4 e5 5. Ne2 Bd6 6. Nbc3 Nf6 7. a3 a6 8. d5
Ne7 9. e4 O-O 10. O-O Ng6 11. Kh1 Nh5 12. f3 Bd7 13. Be3 Ngf4 14. Nxf4 exf4 15.
Bd4 Ng3+ 16. Kg1 Nxf1 17. Qxf1 Qe7 18. Qd3 Qg5 19. Rf1 Rae8 20. Kh1 f5 21. exf5
Bxf5 22. Ne4 Qh5 23. Qc3 Bxe4 24. fxe4 f3 25. e5 fxg2+ 26. Kxg2 Qg4+ 27. Kh1
Rxf1+ 28. Bxf1 Bxe5 29. Bxe5 Qe4+ 30. Kg1 Qxe5 31. Bc4 Qxc3 32. bxc3 Kf8 33.
Kf2 Re5 34. Bb3 Ke7 35. c4 Kd6 36. Bc2 g6 37. Bb3 Kc5 0-1

[Event "Bad Woerishofen sen"]
[Site "?"]
[Date "2002.??.??"]
[Round "4"]
[White "Herzel, Alois"]
[Black "Schneider, Miloca"]
[Result "1-0"]
[WhiteElo "1844"]
[BlackElo "2078"]
[Annotator "ChessOrg"]
[PlyCount "51"]
[EventDate "2002.??.??"]

1. d4 d6 2. c4 f5 3. g3 g6 4. Bg2 Nf6 5. Nc3 c6 6. Nf3 Bg7 7. O-O O-O 8. d5 e5
9. dxc6 bxc6 10. Qd2 Qe7 11. b3 e4 12. Ne1 Rd8 13. Ba3 Qe6 14. Nc2 Bb7 15. Rad1
d5 16. cxd5 Nxd5 17. Na4 Na6 18. Qa5 Ndc7 19. Nc5 Nxc5 20. Qxc7 Rxd1 21. Rxd1
Rc8 22. Rd8+ Bf8 23. Rxf8+ Rxf8 24. Bxc5 Rf7 25. Qd8+ Kg7 26. Bd4+ 1-0

[Event "Bad Woerishofen sen"]
[Site "?"]
[Date "2002.??.??"]
[Round "4"]
[White "von Hoesslin, Holger"]
[Black "Weber, Siegfried"]
[Result "1/2-1/2"]
[WhiteElo "1790"]
[BlackElo "1588"]
[Annotator "ChessOrg"]
[PlyCount "62"]
[EventDate "2002.??.??"]

1. e4 c5 2. Nf3 d6 3. d4 cxd4 4. Nxd4 Nf6 5. Nc3 g6 6. Be3 Bg7 7. f3 O-O 8. Qd2
Nc6 9. O-O-O Nxd4 10. Bxd4 Be6 11. g4 Qa5 12. Kb1 Rfc8 13. a3 Rc6 14. h4 h5 15.
gxh5 Nxh5 16. Bxg7 Nxg7 17. Bd3 Rac8 18. Ne2 Qb6 19. f4 Bc4 20. f5 Bxd3 21.
cxd3 Rc2 22. Qxc2 Rxc2 23. Kxc2 Qf2 24. Rd2 e6 25. fxe6 fxe6 26. b4 a5 27. bxa5
Qc5+ 28. Kb2 Qxa5 29. Rc2 Qb5+ 30. Kc3 Qa5+ 31. Kb3 Qb5+ 1/2-1/2

[Event "Bad Woerishofen sen"]
[Site "?"]
[Date "2002.??.??"]
[Round "4"]
[White "Minz, Michail"]
[Black "Fels, Karl-Heinz"]
[Result "1/2-1/2"]
[WhiteElo "2133"]
[BlackElo "1850"]
[Annotator "ChessOrg"]
[PlyCount "82"]
[EventDate "2002.??.??"]

1. e4 e5 2. Nf3 Nc6 3. Nc3 Nf6 4. Bb5 Bb4 5. Qe2 O-O 6. O-O d6 7. h3 Bd7 8. d3
h6 9. Nd1 Ne7 10. Bxd7 Qxd7 11. Ne3 c5 12. Nh4 Kh7 13. f4 exf4 14. Rxf4 Ng6 15.
Nxg6 fxg6 16. c3 Ba5 17. Bd2 Nh5 18. Rxf8 Rxf8 19. Nd5 Bd8 20. g4 Nf6 21. Rf1
Rf7 22. c4 Nxd5 23. Rxf7 Qxf7 24. exd5 Bf6 25. Be1 Bd4+ 26. Kg2 Qf6 27. b3 Be5
28. Qf3 Kg8 29. Bf2 b6 30. Be3 g5 31. Qxf6 gxf6 32. Kf3 Kf7 33. Ke4 Kg6 34. Bf2
a5 35. Be1 Bb2 36. Bd2 Be5 37. a3 Bb2 38. Be1 Be5 39. Bf2 Bb2 40. Bg3 Be5 41.
Bf2 Bb2 1/2-1/2

[Event "Bad Woerishofen sen"]
[Site "?"]
[Date "2002.??.??"]
[Round "4"]
[White "Niebaum, Karl"]
[Black "Moeckel, Edgar"]
[Result "1/2-1/2"]
[WhiteElo "1799"]
[BlackElo "2049"]
[Annotator "ChessOrg"]
[PlyCount "51"]
[EventDate "2002.??.??"]

1. d4 d5 2. Nf3 Nf6 3. Bg5 Ne4 4. Bf4 c5 5. e3 Qb6 6. Qc1 Nc6 7. dxc5 Qa5+ 8.
c3 Qxc5 9. Nbd2 Bf5 10. Nb3 Qb6 11. Be2 h6 12. O-O g5 13. Bg3 Bg7 14. Qd1 Rd8
15. Nfd4 Bg6 16. Bh5 Nxd4 17. Nxd4 Nxg3 18. hxg3 e5 19. Nb3 O-O 20. Bxg6 Qxg6
21. Qe2 b6 22. Rad1 Qc6 23. Rd2 a5 24. Rfd1 a4 25. Na1 Bf6 26. Nc2 1/2-1/2

[Event "Bad Woerishofen sen"]
[Site "?"]
[Date "2002.??.??"]
[Round "4"]
[White "Richter, Gerhard"]
[Black "Boeven, Manfred"]
[Result "0-1"]
[WhiteElo "1849"]
[BlackElo "2134"]
[Annotator "ChessOrg"]
[PlyCount "100"]
[EventDate "2002.??.??"]

1. e4 c5 2. Nc3 e6 3. g3 d5 4. exd5 exd5 5. d4 cxd4 6. Qxd4 Nf6 7. Bg5 Be7 8.
Bb5+ Nc6 9. Bxf6 Bxf6 10. Qc5 Bxc3+ 11. bxc3 Qe7+ 12. Qxe7+ Kxe7 13. O-O-O Be6
14. Ne2 Rad8 15. Rhe1 Rd6 16. Nf4 Rhd8 17. c4 dxc4 18. Rxd6 Rxd6 19. Bxc4 Nd8
20. Nxe6 Nxe6 21. Re3 Kd7 22. f4 f6 23. Rd3 Rxd3 24. Bxd3 h6 25. Kd2 Kd6 26.
Kc3 Kc5 27. a3 b5 28. h4 g5 29. Bf5 Nd4 30. Bg4 gxf4 31. gxf4 a5 32. Kd3 Nc6
33. c3 Ne7 34. Ke4 Nd5 35. Kf5 Ne3+ 36. Kxf6 Nxg4+ 37. Kg6 Kc4 38. Kh5 Kxc3 39.
Kxg4 Kd4 40. Kf5 b4 41. axb4 axb4 42. Ke6 b3 43. f5 b2 44. f6 b1=Q 45. f7 Qe4+
46. Kd7 Qf5+ 47. Ke8 Qe6+ 48. Kf8 Ke5 49. Kg7 Qf6+ 50. Kg8 Qg6+ 0-1